Cyklus realitného trhu skutočnosťou vytvoril sa globálny cyklus cien nehnuteľností?

Vytvorenie globálneho trhu cien nehnuteľností. Synchronizovaný vývoj cien nehnuteľností vo svete. Vývoj rastu cien nehnuteľností. Ekonomika verzus psychológia. Situácia na na americkom trhu nehnuteľností, v Európe a Ázii do roku 2007 vrátane.

Salvato in:
Dettagli Bibliografici
Autore principale: Baláž, Vladimír
Natura: Capitolo di libro
Lingua:slovacco
Soggetti:
Tags: Aggiungi Tag
Nessun Tag, puoi essere il primo ad aggiungerne!!

MARC

LEADER 00000naa$a2200000$$$4500
001 0055752
005 20231019084814.9
041 0 |a slo 
044 |a SK 
245 1 0 |a Cyklus realitného trhu skutočnosťou  |b vytvoril sa globálny cyklus cien nehnuteľností?  |c Vladimír Baláž 
520 |a Vytvorenie globálneho trhu cien nehnuteľností. Synchronizovaný vývoj cien nehnuteľností vo svete. Vývoj rastu cien nehnuteľností. Ekonomika verzus psychológia. Situácia na na americkom trhu nehnuteľností, v Európe a Ázii do roku 2007 vrátane. 
610 2 0 |a trhy 
610 2 0 |a vývoj cenový 
610 2 0 |a globalizácia 
610 2 0 |a cena nehnuteľností 
100 1 |a Baláž, Vladimír